00244nam a2200097Ia 4500008004100000100001400041245003300055250000800088260004200096300000800138191201s2012 xx 000 0 und d aMEHTA, VK 0aBasic Electrical Engineering aRep c2012bS Chand and Co. Ltd.aNEW DELHI a989